Central Library OPAC University of Rajshahi

Military occupation and the rule of law: (Record no. 3544)

MARC details
000 -LEADER
fixed length control field 00952cam a22002771 4500
001 - CONTROL NUMBER
control field 3544
003 - CONTROL NUMBER IDENTIFIER
rucl marc code BD-RjUL
005 - DATE AND TIME OF LATEST TRANSACTION
control field 20211208233741.0
008 - FIXED-LENGTH DATA ELEMENTS--GENERAL INFORMATION
fixed length control field 131219s1944 enk b 001 0 eng d
035 ## - SYSTEM CONTROL NUMBER
System control number (BD-RjUL)3578
System control number (OCoLC)510297
040 ## - CATALOGING SOURCE
Original cataloging agency DLC
Transcribing agency ODaWU
Modifying agency OCoLC
-- DLC
-- BD-RjUL
Language of cataloging eng
041 ## - LANGUAGE CODE
Language code of text/sound track or separate title eng
082 ## - DEWEY DECIMAL CLASSIFICATION NUMBER
Classification number 341.3
Author mark and year FRM 1944
100 1# - MAIN ENTRY--PERSONAL NAME
Personal name Fraenkel, Ernst,
Dates associated with a name 1898-1975.
9 (RLIN) 11180
245 10 - TITLE STATEMENT
Title Military occupation and the rule of law:
Remainder of title occupation government in the Rhineland, 1918-1923 /
Statement of responsibility, etc. Ernst Fraenkel.
260 ## - PUBLICATION, DISTRIBUTION, ETC. (IMPRINT)
Place of publication, distribution, etc. London,
-- New York [etc.]
Name of publisher, distributor, etc. Oxford university press,
Date of publication, distribution, etc. c1944.
300 ## - PHYSICAL DESCRIPTION
Pagination xi, 267 p. :
Size 21 cm.
504 ## - BIBLIOGRAPHY, ETC. NOTE
Bibliography, etc Bibliography: p. 249-258.
651 #0 - SUBJECT ADDED ENTRY--GEOGRAPHIC NAME
Geographic name Rhineland (Germany)
General subdivision Politics and government.
9 (RLIN) 11182
710 2# - ADDED ENTRY--CORPORATE NAME
Corporate name or jurisdiction name as entry element Carnegie Endowment for International Peace.
9 (RLIN) 11183
942 ## - ADDED ENTRY ELEMENTS (KOHA)
Source of classification or shelving scheme Dewey Decimal Classification
Koha item type Books
Holdings
Lost status Source of classification or shelving scheme Damaged status Not for loan Collection code Permanent Location Current Location Shelving location Date acquired Source of acquisition Cost, normal purchase price Total Checkouts Full call number Date last seen Copy number Koha item type
  Dewey Decimal Classification   Not For Loan Non-fiction Central Library, University of Rajshahi Central Library, University of Rajshahi Reading Room 25/07/1955 O.U.P. 14.00   341.3 FRM 1944 19/12/2013 C-1 Books